[Event "XXXI Torre Memorial 2019"]
[Site "Merida"]
[Date "2019.12.15"]
[Round "4.4"]
[White "Cordova, Emilio"]
[Black "Diaz Perez, Michel Alejandro"]
[Result "1/2-1/2"]
[WhiteElo "2585"]
[BlackElo "2455"]
[Annotator "TA"]
[PlyCount "54"]
[EventDate "2019.12.13"]
[EventType "swiss"]
[EventCountry "MEX"]
[SourceTitle "playchess.com"]
[Source "ChessBase"]
[SourceQuality "1"]

{[%evp 14,54,0,-16,-7,0,-12,-9,-8,0,35,29,28,7,27,0,9,-12,6,0,64,0,0,0,0,7,18,0,25,-12,31,0,41,20,29,-8,-8,-52,-10,-30,0,-47,0]} 1. Nf3 Nf6 2. g3 e6 3. c4 d5 4. Bg2 Be7 5. O-O O-O 6. Ne5 Nbd7 7. d4 c6 8. Nc3 Nxe5 {E07: Closed Catalan: Main Line (5 Nf3 0-0 6 0-0 Nbd7)} 9. dxe5 Nd7 10. cxd5 exd5 {The position is equal.} 11. f4 f5 (11... Re8 12. Be3 Bc5 13. Bxc5 Nxc5 14. Qd2 f6 15. exf6 Qxf6 16. b4 {1-0 (32) Giri,A (2785)-So,W (2815) chess.com INT 2017}) 12. Be3 Nc5 $146 ({Predecessor:} 12... Bc5 13. Bxc5 Nxc5 14. e3 Qe7 15. Rc1 Be6 16. Ne2 {1-0 (36) Benko,P-Sliwa,B Warsaw 1949}) 13. Rc1 {[%cal Rc3d5] [#] Nxd5 is the strong threat.} Ne4 14. Nxe4 fxe4 15. Qb3 {aiming for Bxe4.} Kh8 16. Bd4 Qe8 (16... a5 $11) 17. Qc3 (17. f5 $1 $14) 17... Be6 $11 18. b4 Rf7 19. e3 h5 20. h3 Qd7 21. Kh2 a6 22. a4 Rc8 23. Qb3 Kh7 24. Rf2 g5 25. Qd1 Kh6 26. Qd2 Kh7 27. Qd1 Kh6 {Accuracy: White = 18%, Black = 33%.} 1/2-1/2

[Event "XXXI Torre Memorial 2019"]
[Site "Merida"]
[Date "2019.12.15"]
[Round "4.5"]
[White "Almeida Quintana, Omar"]
[Black "Berdayes Ason, Dylan Isidro"]
[Result "1/2-1/2"]
[WhiteElo "2554"]
[BlackElo "2448"]
[Annotator "TA"]
[PlyCount "66"]
[EventDate "2019.12.13"]
[EventType "swiss"]
[EventCountry "MEX"]
[SourceTitle "playchess.com"]
[Source "ChessBase"]
[SourceQuality "1"]

{[%evp 9,66,-18,-18,-27,-6,-28,-12,-34,-37,-70,-66,-82,-81,-78,-74,-104,-102,-97,-98,-98,-97,-98,-97,-100,-92,-110,-100,-112,-71,-46,-59,-75,-68,-76,-66,-77,-77,-68,-68,-68,-75,-225,-106,-137,-110,-168,-111,-103,-114,-138,-64,-135,-72,-78,-66,-75,-29,-55,-75]} 1. Nf3 c5 2. c4 Nc6 3. Nc3 g6 4. e3 Nf6 5. b3 (5. d4 cxd4 6. exd4 d5 7. cxd5 Nxd5 8. Qb3 e6 9. Bb5 Bg7 10. O-O O-O 11. Bxc6 bxc6 12. Na4 Qd6 13. Re1 Rb8 14. Qd1 Ne7 15. b3 Nf5 16. Bb2 Rd8 17. Qc2 Nxd4 18. Bxd4 Bxd4 19. Nxd4 Qxd4 {0-1 (132) So,W (2776)-Nepomniachtchi,I (2774) Saint Louis 2019}) 5... Bg7 6. Bb2 {A35: Symmetrical English: 2 Nc3 Nc6 3 Nf3} O-O 7. Be2 d5 {aiming for ...d4.} 8. Na4 {The position is equal.} b6 9. O-O d4 10. exd4 $146 ({Predecessor:} 10. d3 dxe3 11. fxe3 Bh6 12. Bc1 Ng4 13. e4 Be3+ 14. Kh1 Qd6 {0-1 (40) Cabrerizo Fernandez,J-Merino Garcia,R (2330) Palencia 1999}) 10... cxd4 {Hoping for ...d3.} 11. d3 Bb7 12. a3 e5 13. b4 Nd7 14. Nd2 f5 15. Bf3 Nf6 16. Re1 {Black should prevent b5.} Re8 17. b5 Na5 18. c5 {White wants to play c6.} bxc5 19. Nxc5 Bxf3 20. Nxf3 Qb6 21. Na6 $1 Nd5 $36 {[%mdl 2048] Black fights for an advantage.} 22. a4 Nc3 23. Bxc3 dxc3 24. Qc2 Rac8 25. Rac1 (25. Rab1 $17 {keeps fighting.}) 25... h6 (25... Bh6 $19 {and Black stays clearly on top.} 26. Rcd1 e4 $1 {[%mdl 512]} 27. dxe4 fxe4) 26. Re2 Qd6 27. h3 (27. Ne1 $17) 27... Red8 (27... Kh7 $19 28. Rce1 Bf6) 28. Ne1 $17 Kh7 29. Rb1 {[#]} Qe6 (29... e4 $1 $17 {[%cal Re4d3][%mdl 512]} 30. dxe4 fxe4 31. Qxe4 Nc4) 30. Nf3 {[#]} (30. Nb4 $15) 30... Qd5 ({Black should try} 30... Re8 $1 31. Nb4 Qd6) 31. Ne1 Re8 32. Nb4 Qb7 33. Rd1 Qf7 {Accuracy: White = 32%, Black = 69%.} 1/2-1/2

[Event "XXXI Torre Memorial 2019"]
[Site "Merida"]
[Date "2019.12.15"]
[Round "4.6"]
[White "Espinosa Veloz, Ermes"]
[Black "Alvarez Pedraza, Aramis"]
[Result "1/2-1/2"]
[WhiteElo "2489"]
[BlackElo "2429"]
[Annotator "TA"]
[PlyCount "65"]
[EventDate "2019.12.13"]
[EventType "swiss"]
[EventCountry "MEX"]
[SourceTitle "playchess.com"]
[Source "ChessBase"]
[SourceQuality "1"]

{[%evp 11,65,29,45,34,35,21,56,39,70,34,42,38,32,20,69,69,65,70,74,59,64,52,76,16,14,0,0,0,5,-6,-6,-29,0,-19,0,0,0,0,0,-21,-19,-70,-41,-33,-33,-33,-33,-33,-33,-33,-33,-33,-33,-33,-33,-85]} 1. e4 c6 2. d4 d5 3. e5 Bf5 4. Nf3 e6 5. Be2 Nd7 6. O-O Bg6 7. Nbd2 {B12: Caro-Kann: Advance Variation} Nh6 8. Nb3 Be7 9. a4 {White is slightly better.} a5 (9... Nf5 10. g4 Nh4 11. Nxh4 Bxh4 12. f4 f5 13. Bd3 Qe7 14. gxf5 exf5 {1-0 (34) Grischuk,A (2759)-Bareev,E (2643) Amsterdam 2019}) 10. Bd2 (10. Bxh6 $5 gxh6 11. Qd2 $14) 10... O-O 11. Rc1 Nf5 12. c4 Nh4 $146 ({Predecessor:} 12... dxc4 13. Bxc4 Bh5 {½-½ (27) Brandenburg,D (2527)-L'Ami,E (2623) Netherlands 2011}) 13. Nxh4 Bxh4 14. cxd5 cxd5 15. Bb5 Nb8 {[%cal Bd7b8,Bb8c6,Bc6b4,Bb4c2][%mdl 32]} 16. Nc5 Qb6 17. b4 (17. g4 $16 {Threatens to win with g5.} Be7 18. f4) 17... axb4 $11 18. Bxb4 Rc8 $1 19. Qg4 Nc6 20. Qxh4 {[#] Bd2 is the strong threat.} Nxb4 21. Qe7 (21. Bd7 $5 {[%cal Rd7c8]} Qd8 22. Qxd8+ Rxd8 23. Bb5 $11) 21... Nc2 (21... Qc7 $5 {[%cal Rc7e7]} 22. Qd6 Na2 $11) 22. Qd6 Qa7 23. Rfd1 h5 24. Qe7 b6 25. Qxa7 (25. Nd7 {feels hotter.} Qa5 26. Qg5 Rc3 27. Qd2 Rac8 28. h4) 25... Rxa7 26. Nd7 (26. Nd3 $1 $11) 26... Rd8 {Black is slightly better.} 27. Nxb6 Rb8 $1 {[%cal Rb8b6]} 28. Nd7 Rxb5 $1 {[%mdl 64] [#] Remove Defender} 29. axb5 {Black must now prevent Nc5.} Rxd7 30. Rd2 $1 {[%cal Rd2c2]} Rb7 31. Rdxc2 Bxc2 32. Rxc2 Rxb5 {( -> ...Rb1+)} 33. Rc1 {Accuracy: White = 30%, Black = 64%.} ({White should try} 33. Kf1 $15) 1/2-1/2

[Event "XXXI Torre Memorial 2019"]
[Site "Merida"]
[Date "2019.12.15"]
[Round "4.7"]
[White "Miranda Mesa, Elier"]
[Black "Fernandez Guillen, Ernesto J."]
[Result "0-1"]
[WhiteElo "2477"]
[BlackElo "2407"]
[Annotator "TA"]
[PlyCount "133"]
[EventDate "2019.12.13"]
[EventType "swiss"]
[EventCountry "MEX"]
[SourceTitle "playchess.com"]
[Source "ChessBase"]
[SourceQuality "1"]

{[%evp 22,133,83,59,99,92,110,91,96,94,175,112,112,93,159,156,145,83,83,85,82,86,85,74,110,70,70,70,81,79,87,0,0,0,14,0,0,0,0,0,0,0,0,0,0,0,0,0,0,0,110,54,59,50,139,122,207,51,388,383,383,370,367,345,344,352,329,316,468,479,1307,367,345,348,350,329,312,331,616,582,577,320,307,0,624,593,1274,1240,966,506,472,471,549,381,2147,1947,1626,1486,1502,0,29973,29971,29975,29976,29976,29977,29976,29976,29968,29972,29984,29985,29989,29990]} 1. e4 e5 2. Nf3 Nc6 3. Bb5 f5 4. Nc3 fxe4 5. Nxe4 Nf6 6. Nxf6+ Qxf6 7. Qe2 Be7 8. Bxc6 dxc6 9. Nxe5 Bf5 10. O-O O-O-O 11. d3 Rhe8 12. f4 Bd6 {C63: Ruy Lopez: Schliemann/Jaenisch Defence} (12... Kb8 13. Qf2 Bc8 14. Bd2 b6 15. Rae1 Qe6 16. f5 Qd5 17. c4 Qxe5 18. Rxe5 {1-0 (18) Leko,P (2751)-Aronian,L (2750) Nice 2009}) 13. Qf2 Kb8 14. Bd2 Qf8 $146 {White is better.} ({Predecessor:} 14... Be6 15. Rae1 Bxe5 16. Rxe5 Bd5 17. Bc3 Rxe5 18. Bxe5 Qf5 19. Qg3 {½-½ (41) Paavilainen,J (2315)-Osterman,G (2270) Espoo 1985}) 15. Rae1 g5 (15... Bc8 $16) 16. Nc4 (16. fxg5 $18 Rxe5 17. Rxe5 Bxe5 18. Qxf5 Qc5+ {[%mdl 64] Double Attack} 19. Kh1) 16... g4 $16 17. Be3 a6 (17... Kc8 $142 18. Nxd6+ (18. Bxa7 b6 $16) 18... Qxd6) 18. a3 Be7 19. b4 (19. Ba7+ $142 Ka8 20. Re5) 19... Bf6 20. Bc5 Qg7 21. Rxe8 Rxe8 22. Re1 Rg8 23. Re2 h5 24. Qe1 Qh8 25. Ne5 h4 26. Nf7 (26. Bd4 $16) 26... Qg7 27. Ng5 h3 28. Ne4 Bd4+ $1 29. Bxd4 Qxd4+ 30. Qf2 Qa1+ 31. Re1 Qxa3 32. Ng3 Bc8 33. Qd4 Rf8 34. f5 Qa2 35. Qc5 $36 {[%mdl 2048] Black is under pressure.} Rf7 (35... Qg8 $11 {keeps the balance.}) 36. Re8 ({Better is} 36. gxh3 $16 gxh3 37. Re8) 36... Qa1+ 37. Kf2 $1 hxg2 ({Black should play} 37... b6 $1 $14 38. Qe5 (38. Qxc6 Qd4+ 39. Ke2 Rf6 $14) 38... Qxe5 39. Rxe5 hxg2) 38. Kxg2 {And now Qc4 would win.} Qd1 {[#]} (38... Qf6 $16) 39. Qf2 $2 ({White should try} 39. Qc4 $1 $18 {[%cal Rc4f7]} Rd7 40. Re2) 39... Qa1 $2 {[%mdl 8192]} (39... c5 $14) 40. Qe2 $18 {aiming for Rxc8+.} Rd7 41. Qe6 {Black must now prevent Qxd7.} Qd4 42. f6 Rd8 43. Rxd8 Qxd8 44. Qe5 {Hoping for f7.} Qg8 (44... Bd7 $142 45. Ne4 Be8) 45. Ne4 Qa2 (45... Bd7 $142 46. Ng5 Be8) 46. Qc5 $2 (46. Qe8) 46... Be6 47. Ng5 Bd5+ 48. Kg3 b6 49. Qf2 Qb2 $2 (49... Qb1 50. Kxg4 Qxb4+ 51. c4 Bg8) 50. c4 Qe5+ 51. Qf4 Qe1+ 52. Qf2 $2 (52. Kxg4 Qe2+ 53. Kh4) 52... Qe5+ 53. Kxg4 Be6+ 54. Nxe6 Qxe6+ {[%mdl 4096] Endgame KQ-KQ} 55. Kg5 Qg8+ 56. Kf4 a5 57. bxa5 bxa5 $2 (57... Qf8 58. Ke4 bxa5) 58. Qc5 Qg2 59. Kf5 Qxh2 60. Qe5 $2 (60. Ke6 $18 {f7 is the strong threat.} Qh6 61. Ke7) 60... Qh3+ $2 {[%mdl 8192] [#]} (60... Qh5+ $11 61. Ke6 Qe8+ 62. Kf5 Qh5+ 63. Kf4 Qh2+ 64. Ke4 Qe2+ 65. Kf4 Qh2+ 66. Ke4 Qe2+ 67. Kd4 Qb2+ 68. Ke4 Qe2+) 61. Kg6 {White mates.} Qxd3+ 62. Kg7 Qxc4 63. f7 Qg4+ 64. Kf6 Qh4+ 65. Ke6 Qg4+ 66. Ke7 Qh4+ 67. Ke8 {[%mdl 32768] Accuracy: White = 64%, Black = 35%. . Sensor Board Error (Ke4/e5)?} 0-1

[Event "XXXI Torre Memorial 2019"]
[Site "Merida"]
[Date "2019.12.15"]
[Round "4.8"]
[White "Vitier Vazquez, Cristian"]
[Black "Hevia Alejano, Carlos Antonio"]
[Result "1/2-1/2"]
[WhiteElo "2405"]
[BlackElo "2465"]
[Annotator "TA"]
[PlyCount "84"]
[EventDate "2019.12.13"]
[EventType "swiss"]
[EventCountry "MEX"]
[SourceTitle "playchess.com"]
[Source "ChessBase"]
[SourceQuality "1"]

{[%evp 20,84,15,4,38,35,45,29,34,25,22,15,12,16,16,12,12,2,6,0,4,0,9,0,0,0,15,-6,-12,-23,-12,-12,-8,-15,-14,-19,-20,-36,-44,-35,-22,-39,-20,-16,0,0,0,0,0,0,0,-2,-6,-10,-14,-19,0,0,14,0,0,0,5,0,0,0,5]} 1. d4 Nf6 2. c4 e6 3. Nc3 Bb4 4. Nf3 b6 5. Bd2 O-O 6. e3 c5 7. Bd3 cxd4 8. exd4 Ba6 9. a3 Be7 10. Bg5 Bb7 11. O-O d6 {E43: Nimzo-Indian: Rubinstein: 4...b6} (11... d5 12. Qe2 Nc6 13. Rad1 Rc8 14. cxd5 Nxd5 15. Qe4 g6 16. Qh4 Nxd4 17. Bxg6 Nxf3+ 18. gxf3 fxg6 19. Rxd5 Bxg5 20. Rxg5 Rxf3 {0-1 (31) Mikhalevski,V (2500)-Vesselovsky,S (2440) Pardubice 1996}) 12. Qe2 $146 ({Predecessor:} 12. b4 a6 13. a4 Nc6 14. b5 Nb4 15. Be2 a5 16. Na2 d5 17. Nxb4 axb4 18. Bd3 dxc4 19. Bxc4 Bxf3 20. Qxf3 Qxd4 {0-1 (29) Zarges,R-Thomas,K CServe email 1994}) 12... Nbd7 13. Rfd1 Re8 {White has an edge.} 14. b4 Nd5 15. Bxe7 Nxc3 16. Bxd8 Nxe2+ 17. Bxe2 {[#] Strongly threatening Bc7.} Rexd8 18. Nd2 a5 19. Nf1 Kf8 20. Ne3 g6 21. Rdb1 Ra7 22. f3 Rda8 23. Nc2 axb4 24. Rxb4 d5 25. cxd5 Bxd5 26. Bb5 Rc8 27. Ne3 Nf6 28. Nc4 Bxc4 29. Bxc4 Rc6 30. a4 Rac7 31. Bb3 {The position is equal.} Rc1+ 32. Rxc1 Rxc1+ $11 {[%mdl 4096] Endgame KRB-KRN} 33. Kf2 Nd7 34. Bc4 Rc2+ 35. Kf1 Ke7 36. d5 Ne5 37. Bb3 Rc1+ 38. Ke2 exd5 39. Bxd5 Rc2+ 40. Ke3 Nd7 41. f4 Rc5 42. Bf3 h6 {Accuracy: White = 40%, Black = 69%.} 1/2-1/2

[Event "XXXI Torre Memorial 2019"]
[Site "Merida"]
[Date "2019.12.15"]
[Round "4.9"]
[White "Rodriguez Vila, Andres"]
[Black "Ochoa de la Rosa, Manuel Dario"]
[Result "1-0"]
[WhiteElo "2463"]
[BlackElo "2403"]
[Annotator "TA"]
[PlyCount "95"]
[EventDate "2019.12.13"]
[EventType "swiss"]
[EventCountry "MEX"]
[SourceTitle "playchess.com"]
[Source "ChessBase"]
[SourceQuality "1"]

{[%evp 9,95,11,20,11,21,18,23,5,12,8,23,20,35,20,25,19,28,21,35,35,43,27,65,27,70,83,72,72,75,69,62,69,64,39,39,32,82,84,79,98,129,133,137,133,141,141,138,139,130,118,154,162,220,109,159,169,164,159,325,322,616,613,613,613,613,613,602,613,572,593,589,585,606,694,662,645,618,608,1898,1547,29971,29972,29972,29973,29973,29974,29941,12843]} 1. e4 e5 2. Nf3 Nc6 3. Bc4 Bc5 4. O-O Nf6 5. d3 O-O 6. a4 {C50: Hungarian Defence and Giuoco Pianissimo} a6 7. Re1 h6 8. Nbd2 {White has an edge.} d6 9. c3 Re8 10. Nf1 Ba7 11. Be3 $146 ({Predecessor:} 11. Ng3 Be6 12. Bxe6 Rxe6 13. b4 d5 14. Qc2 Qd7 15. h3 {0-1 (42) Aronian,L (2764)-Anand,V (2760) Stavanger 2018}) 11... Be6 12. Bxe6 Rxe6 13. Bxa7 Rxa7 14. Ng3 d5 15. Qb3 Qd7 16. a5 Re8 17. exd5 Qxd5 18. Qxd5 Nxd5 19. d4 f6 20. dxe5 fxe5 21. Ne4 Nf6 22. Nc5 Kf7 23. Kf1 e4 24. Nd2 e3 25. Rxe3 Rxe3 26. fxe3 Ng4 27. Ke2 Nxh2 28. Ra4 {Threatens to win with Rf4+.} g5 29. Nde4 Ke7 30. Nf2 Ra8 (30... Kd6 $142) 31. b4 ({And not} 31. Nxb7 Rb8 $11) (31. Nfd3 $18) 31... Rb8 32. Ra1 {[#] Rh1 is the strong threat.} Ne5 33. Rd1 c6 $2 (33... b6 $16) 34. Rd4 $18 h5 $2 (34... Rg8 35. Nxb7 Rb8) 35. Re4 Kf6 {[#]} 36. Rxe5 $1 {[%mdl 576] Remove Defender, Decoy} Kxe5 {[%mdl 4096] Endgame KRN-KNN} 37. Nd7+ {[%mdl 64] Double Attack} Kd6 38. Nxb8 Kc7 39. Nxa6+ bxa6 {KN-KN} 40. Ne4 g4 41. Nc5 h4 42. Nxa6+ Kc8 43. Nc5 h3 44. gxh3 gxh3 45. a6 {White mates.} Kb8 46. Nd7+ Ka7 47. Ne5 Kxa6 48. Kf2 {Accuracy: White = 70%, Black = 24%.} 1-0

[Event "XXXI Torre Memorial 2019"]
[Site "Merida"]
[Date "2019.12.15"]
[Round "4.10"]
[White "Diaz Rosas, Julio Cesar"]
[Black "Quesada Perez, Yasser"]
[Result "1-0"]
[WhiteElo "2365"]
[BlackElo "2582"]
[Annotator "TA"]
[PlyCount "127"]
[EventDate "2019.12.13"]
[EventType "swiss"]
[EventCountry "MEX"]
[SourceTitle "playchess.com"]
[Source "ChessBase"]
[SourceQuality "1"]

{[%evp 22,127,16,16,26,0,10,0,0,0,0,-6,0,-11,-12,-20,-13,-18,13,0,10,-8,0,-8,0,0,35,23,29,0,12,0,6,-16,-10,-19,-22,-30,0,0,0,-30,0,0,13,15,16,16,20,14,20,0,0,0,0,0,0,0,63,73,258,267,262,245,262,244,279,271,260,219,484,437,479,473,457,448,417,398,565,391,534,530,622,595,443,528,515,435,1925,1754,1458,1593,2673,2383,12844,12844,12845,12845,12845,12846,12846,0,12845,12846,12846,12847,12847,12847]} 1. e4 e5 2. Nf3 Nc6 3. Bb5 a6 4. Ba4 Nf6 5. O-O b5 6. Bb3 Bb7 7. d3 Be7 8. Re1 O-O 9. Bd2 d6 10. a4 Qd7 11. Nc3 Na5 12. Ba2 c5 {C88: Closed Ruy Lopez: Anti-Marshall Systems} 13. axb5 $146 ({Predecessor:} 13. Ne2 Bd8 14. Ng3 c4 15. Nf5 cxd3 16. cxd3 bxa4 17. Bb4 Ne8 18. d4 exd4 19. N3xd4 g6 20. Nh6+ {1-0 (47) Kevlishvili,R (2451)-Najer,E (2670) St Petersburg 2018}) 13... axb5 14. b4 cxb4 {The position is equal.} 15. Nd5 Nxd5 16. Bxd5 Nc6 17. Rb1 Bd8 18. Rb2 ({Don't go for} 18. Bxb4 $2 Nxb4 19. Bxb7 Qxb7 $19) 18... Bb6 19. Nh4 Ne7 20. Bxb7 Qxb7 21. Rxb4 f5 {aiming for ...fxe4.} 22. Nf3 Nc6 23. Rb1 Kh8 24. Be3 Ba5 25. Bd2 Bxd2 26. Nxd2 Ra2 27. Nf3 b4 28. exf5 Qf7 29. Ra1 Rxa1 30. Qxa1 Qxf5 31. Kh1 Qf7 32. d4 exd4 33. Nxd4 Ne5 34. f4 Ng4 35. Ne6 $36 {[%mdl 2048] White has the initiative.} Re8 36. Ng5 Qh5 {[%csl Gg4][%cal Rh5h2] [#]} 37. h3 Nf6 38. Rxe8+ Qxe8 39. Qd4 Qe1+ (39... h6 $11 40. Nf3 Qa4) 40. Kh2 $14 Nh5 $2 (40... h6 $16 41. Nf3 Qe4) 41. Qd3 $18 {[%csl Gg5][%cal Rd3h7] [#]} ({Weaker is} 41. Qxd6 Qg3+ 42. Kh1 Qe1+ 43. Kh2 Qg3+ 44. Kh1 Qe1+ 45. Kh2 $11) 41... Nf6 42. Qxd6 {White threatens Qf8+ and mate.} h6 43. Nf7+ Kh7 44. Qd3+ Qe4 {And now ...Qxd3 would win.} 45. Ne5 Qxd3 $2 (45... h5 46. Kg3 Kh6) 46. Nxd3 {[%mdl 4096] Endgame KN-KN} Nd5 47. Kg3 Kg6 48. Kf3 Kf6 49. Ke4 Ke6 (49... Nc3+ $142 50. Kd4 Na2) 50. g4 Kd6 51. f5 Nf6+ 52. Kd4 Nd5 53. h4 Nf6 54. Ne5 Ng8 (54... Ke7 $142 55. g5 hxg5 56. hxg5 Nh5) 55. Nc4+ Kc6 56. g5 hxg5 57. hxg5 Ne7 58. f6 gxf6 59. gxf6 Nf5+ 60. Ke4 {Threatening mate with Ne5+.} Nh6 61. Kd4 Nf5+ $1 62. Ke5 {White is clearly winning.} Nh4 63. Ke6 Kc5 64. Ne5 {Accuracy: White = 58%, Black = 30%.} 1-0

[Event "XXXI Torre Memorial 2019"]
[Site "Merida"]
[Date "2019.12.15"]
[Round "4.11"]
[White "Albornoz Cabrera, Carlos Daniel"]
[Black "Perez Leiva, Jerzy Jesus"]
[Result "1-0"]
[WhiteElo "2555"]
[BlackElo "2373"]
[Annotator "TA"]
[PlyCount "45"]
[EventDate "2019.12.13"]
[EventType "swiss"]
[EventCountry "MEX"]
[SourceTitle "playchess.com"]
[Source "ChessBase"]
[SourceQuality "1"]

{[%evp 9,45,44,49,29,29,16,21,18,31,23,70,60,81,38,47,-6,20,9,0,-153,-172,-138,-75,-137,-147,-160,-152,-162,-147,-151,-139,-156,-128,-144,393,399,5418,1006]} 1. Nf3 c5 2. e4 e6 3. g3 a6 (3... Nc6 4. Bg2 Nf6 5. Qe2 Be7 6. e5 Nd5 7. O-O d6 8. exd6 Qxd6 9. Rd1 Nc7 10. d4 cxd4 11. Bf4 Qd8 12. Ne5 Nd5 13. Nxc6 bxc6 {1-0 (66) Vachier Lagrave,M (2774)-Yu,Y (2763) Khanty-Mansiysk 2019}) 4. Bg2 b5 5. O-O Bb7 6. Qe2 {B40: Sicilian: 2...e6, Unusual lines} Be7 7. d4 cxd4 $146 ({Predecessor:} 7... d5 8. exd5 Bxd5 9. Rd1 c4 10. Nc3 Nf6 11. Nxd5 Nxd5 {1-0 (35) Popovic,A (2300)-Bulatovic,N (2111) Belgrade 2009}) 8. Nxd4 {The position is equal.} Nf6 9. Rd1 Qb6 10. Be3 Qc7 11. Bf4 d6 {Black wants to play ...e5.} 12. Nc3 ({White should play} 12. e5 $14 dxe5 13. Bxe5) 12... e5 {[%mdl 64] Double Attack} 13. Nf5 $1 {[%cal Rf5g7]} exf4 14. Nxg7+ $2 (14. gxf4 $11 O-O 15. e5) 14... Kf8 $1 $17 {[%cal Rf8g7]} 15. Nf5 b4 ({Better is} 15... fxg3 16. hxg3 Nc6) 16. e5 (16. Nd5 $142 Nxd5 17. exd5) 16... dxe5 ({Avoid the trap} 16... bxc3 $2 17. exd6 Bxd6 18. Bxb7 $18) 17. Bxb7 Qxb7 18. Nd5 Nxd5 19. Qxe5 {[%cal Re5h8]} Nf6 {Threatens to win with ...fxg3.} 20. Qxf4 {[#]} h6 $1 {And now ...Qb6 would win.} 21. Re1 (21. Nxh6 Nbd7) 21... Ng8 $2 {[%mdl 8192] [#]} (21... Bc5 $17 {stays on course. Strongly threatening ...Nbd7.} 22. Nd6 Bxf2+ $1 {[%mdl 512]} 23. Qxf2 Qa7 24. Qxa7 Rxa7) 22. Qd4 $1 $18 {[%cal Rd4g7] White wants to mate with Qg7+.} Nc6 $2 (22... Rh7) 23. Qg7+ {Accuracy: White = 42%, Black = 71%.} 1-0

[Event "XXXI Torre Memorial 2019"]
[Site "Merida"]
[Date "2019.12.15"]
[Round "4.12"]
[White "Ortiz Suarez, Isan Reynaldo"]
[Black "Garcia Matos, Richard Alejandro"]
[Result "1-0"]
[WhiteElo "2549"]
[BlackElo "2330"]
[Annotator "RC"]
[PlyCount "61"]
[EventDate "2019.12.13"]
[EventType "swiss"]
[EventCountry "MEX"]
[SourceTitle "playchess.com"]
[Source "ChessBase"]
[SourceQuality "1"]
[TimeControl "5400+30"]

1. c4 {[%emt 0:00:00]} c6 {[%emt 0:00:00]} 2. Nf3 {[%emt 0:02:36]} Nf6 {[%emt 0:00:18]} 3. g3 {[%emt 0:00:24]} d5 {[%emt 0:00:33]} 4. Bg2 {[%emt 0:00:05]} g6 {[%emt 0:01:06]} 5. O-O {[%emt 0:00:10]} Bg7 {[%emt 0:00:06]} 6. d4 {[%emt 0:00:11]} O-O {[%emt 0:00:25]} 7. Nbd2 {[%emt 0:00:09]} dxc4 {[%emt 0:08:41]} 8. Nxc4 {[%emt 0:02:04]} Be6 {[%emt 0:00:24]} 9. Qc2 {[%emt 0:02:05]} h6 {[%emt 0:04:29]} 10. Bd2 {[%emt 0:02:01]} Nbd7 {[%emt 0:03:03]} 11. Na5 {[%emt 0:00:54]} Qc8 {[%emt 0:04:49]} 12. e4 {[%emt 0:00:53]} Re8 {[%emt 0:01:42]} 13. Rac1 {[%emt 0:02:09]} Bg4 {[%emt 0:03:46]} 14. Rfe1 {[%emt 0:08:55]} Nh7 {[%emt 0:05:15]} 15. Be3 {[%emt 0:07:35]} Ndf8 {[%emt 0:19:55]} 16. Qb3 {[%emt 0:03:27]} Qc7 {[%emt 0:02:15]} 17. Qb4 {[%emt 0:02:22]} Qb6 {[%emt 0:02:23]} 18. Qd2 {[%emt 0:05:07]} Ng5 {[%emt 0:04:59]} 19. Nxg5 {[%emt 0:01:14]} hxg5 {[%emt 0:00:03]} 20. b4 {[%emt 0:00:53]} Nh7 {[%emt 0:10:39]} 21. d5 {[%emt 0:01:51]} Qb5 {[%emt 0:00:21]} 22. Rc5 {[%emt 0:02:26]} Qa4 {[%emt 0:00:14]} 23. Nxb7 {[%emt 0:00:18]} cxd5 {[%emt 0:00:24]} 24. exd5 {[%emt 0:00:11]} Qa3 {[%emt 0:03:26]} 25. Rec1 {[%emt 0:05:04]} Rec8 {[%emt 0:04:51]} 26. h3 {[%emt 0:05:12]} Bf5 {[%emt 0:01:08]} 27. g4 {[%emt 0:00:11]} Bd7 {[%emt 0:00:27]} 28. d6 {[%emt 0:00:14]} exd6 {[%emt 0:01:55]} 29. Nxd6 {[%emt 0:00:12]} Rxc5 {[%emt 0:00:09]} 30. bxc5 {[%emt 0:00:09]} Rd8 {[%emt 0:00:14]} 31. Nb7 {[%emt 0:00:26]} 1-0